000 00736nam a2200193 a 4500
008 120416s1972 ||||||||||||||||| || u
020 _a0135065844
050 _aHV 5822.H4 Its
100 _aSmith, David E
245 1 0 _aIt's so good, don't even try it once: Heroin in perspective
_cedited by David E. Smith
246 _aHeroin in perspective
260 _aEnglewood Cliffs, N.J.
_bFT Prentice-Hall
_c1972
300 _a(8) 208p.
350 _a0.00
650 _aDRUG ABUSE--UNITED STATES--CONGRESSES
650 _aHEROIN--ADDRESSES, ESSAYS, LECTURES
700 _aGay, George R
995 _D0.00
_FCBU-MAIN LIBRARY (Kitwe)
_H1
_I2.75
_UDAMAGED
_ZMain Library Open Access Collection
999 _c48421
_d48421